[Event "AUTO-INT-3474"]
[Site "http://www.queenalice.com/game.php?id=1588485"]
[Date "2019.10.31"]
[Round "1"]
[White "TIKAR"]
[Black "kanibal"]
[Result "0-1"]
[WhiteElo "1466"]
[BlackElo "1705"]

1. d4 d5 2. c4 dxc4 3. e3 b5 4. a4 c6 5. Bd2 Nf6 6. Nc3 e6 7. axb5 cxb5 8. Nxb5
Qd7 9. Bxc4 a6 10. Nf3 Bb7 11. Nc3 Bb4 12. O-O O-O 13. Na4 Bxd2 0-1

[Event "Challenge"]
[Site "http://www.queenalice.com/game.php?id=1774966"]
[Date "2021.11.16"]
[Round "-"]
[White "TIKAR"]
[Black "ajr"]
[Result "0-1"]
[WhiteElo "1423"]
[BlackElo "1782"]

1. d4 d5 2. c4 dxc4 3. e3 b5 4. Nc3 c6 5. h3 Nf6 6. Nf3 h6 7. Be2 Bf5 8. Ne5 e6
9. O-O Bd6 10. Bh5 Bxe5 11. dxe5 Qxd1 12. Bxd1 Ke7 13. exf6+ gxf6 14. Bf3 Rd8
15. e4 Bg6 16. Bxh6 Na6 17. e5 fxe5 18. Bg5+ f6 19. Be3 Kd7 20. Rad1+ Kc7 21.
Rxd8 Rxd8 22. Bxa7 Be8 23. Ne4 f5 24. Ng5 Bd7 25. Nf7 e4 26. Bh5 Ra8 27. Bd4 Kb7
28. Ne5 Kc7 0-1

[Event "Challenge"]
[Site "http://www.queenalice.com/game.php?id=1774967"]
[Date "2021.11.16"]
[Round "-"]
[White "ajr"]
[Black "TIKAR"]
[Result "1-0"]
[WhiteElo "1769"]
[BlackElo "1425"]

1. d4 d5 2. Bf4 h6 3. e3 a6 4. Nc3 Nf6 5. Bd3 Nc6 6. a3 Na5 7. h3 Nc4 8. Bxc4
dxc4 9. Nf3 b5 10. O-O e6 11. Re1 Bd6 12. Bxd6 cxd6 13. e4 O-O 14. e5 dxe5 15.
dxe5 Nd5 16. Nxd5 exd5 17. Qd4 Bf5 18. c3 Re8 19. Rad1 Be4 20. Nd2 Qg5 21. Nxe4
dxe4 22. Qxe4 Rac8 23. f4 Qe7 24. Kf2 a5 25. Qd5 Rc5 26. Qd6 Rcc8 27. Qxe7 1-0

[Event "AUTO-INT-3716"]
[Site "http://www.queenalice.com/game.php?id=1775049"]
[Date "2021.11.17"]
[Round "1"]
[White "NickThorp"]
[Black "TIKAR"]
[Result "1-0"]
[WhiteElo "1661"]
[BlackElo "1452"]

1. e4 e5 2. Nf3 d6 3. Bb5+ c6 4. Ba4 Nf6 5. d3 h6 6. Nc3 b5 7. Bb3 Be7 8. h3 O-O
9. Be3 Nbd7 10. O-O Nc5 11. Bxc5 dxc5 12. Nxe5 Qd6 13. Nf3 Qc7 14. a4 b4 15. Na2
Ba6 16. Bc4 Bxc4 17. dxc4 Nxe4 18. c3 bxc3 19. Nxc3 f5 20. Nxe4 fxe4 21. Nd2 Qf4
22. Qe2 Bd6 23. g3 Qf5 24. Kg2 Rae8 25. Rfe1 a5 26. b3 h5 27. Nxe4 Be5 28. Rab1
Bd4 29. Nd6 Qxb1 30. Qxe8 Qxb3 31. Qxc6 1-0

[Event "AUTO-INT-3716"]
[Site "http://www.queenalice.com/game.php?id=1775050"]
[Date "2021.11.17"]
[Round "1"]
[White "TIKAR"]
[Black "NickThorp"]
[Result "0-1"]
[WhiteElo "1444"]
[BlackElo "1669"]

1. d4 d5 2. e3 a6 3. Nc3 Nf6 4. h3 Bf5 5. Nf3 e6 6. Be2 Nc6 7. O-O Bb4 8. a3 Ba5
9. Nh4 Qd6 10. Nxf5 exf5 11. b4 Bb6 12. Bd3 g6 13. Qf3 Ne4 14. Na4 Ba7 15. Bb2
Nd2 16. Qg3 Qxg3 17. fxg3 Nc4 18. Bc1 O-O-O 19. Nc3 Rhe8 20. Re1 h5 21. Na4 Nxd4
22. Nc5 Ne6 23. Bxc4 dxc4 24. Bb2 Nxc5 25. bxc5 Bxc5 26. Bf6 Rd6 27. Bg5 Rde6
28. Kh2 Bxe3 29. Bf4 Bxf4 0-1

[Event "AUTO-INT-3716"]
[Site "http://www.queenalice.com/game.php?id=1775065"]
[Date "2021.11.17"]
[Round "1"]
[White "TIKAR"]
[Black "Castling"]
[Result "1-0"]
[WhiteElo "1443"]
[BlackElo "1621"]

1. d4 d5 2. c4 Bf5 3. Nc3 e6 4. a3 a6 5. c5 Nc6 6. h3 Nf6 7. Nf3 h6 8. e3 Ne4 9.
Nxe4 Bxe4 10. Be2 Be7 11. O-O Bf6 12. Nh2 Ne7 13. Ng4 Nf5 14. f3 Ng3 15. fxe4
Nxe2+ 16. Qxe2 dxe4 17. Nxf6+ gxf6 18. Qg4 f5 19. Qg7 Rf8 20. Qxh6 Qe7 21. c6 b6
22. Rd1 O-O-O 23. b4 b5 24. Bb2 Rd5 25. Rac1 Kb8 26. Qf4 Ka7 27. Rc5 Rxc5 28.
dxc5 Rd8 29. Rxd8 Qxd8 30. Be5 Kb8 31. h4 f6 32. Bd4 e5 33. Bxe5 Qd1+ 34. Kh2
Qd8 35. Bc3 Ka7 36. h5 Qe7 37. h6 Qh7 38. Bxf6 Kb8 39. Bg5 Kc8 40. Qe5 Kb8 41.
Qe8+ Ka7 42. Qc8 Qf7 43. Qb7# 1-0

[Event "AUTO-INT-3716"]
[Site "http://www.queenalice.com/game.php?id=1775066"]
[Date "2021.11.17"]
[Round "1"]
[White "Castling"]
[Black "TIKAR"]
[Result "0-1"]
[WhiteElo "1659"]
[BlackElo "1395"]

1. e4 e5 2. Bc4 Nf6 3. d3 a6 4. Bg5 h6 5. Bh4 Be7 6. h3 c6 7. Nc3 d5 8. Nf3 dxc4
9. Nxe5 O-O 10. Nxc4 b5 11. Ne5 Nfd7 12. Nxd7 Nxd7 13. Bxe7 Qxe7 14. Qf3 Ne5 15.
Qe2 Qg5 16. g3 Nd7 17. Nd1 Nc5 18. Ne3 Be6 19. O-O-O Bxa2 20. b3 Qf6 21. d4 Nxe4
22. Ng4 Qf5 23. Kb2 Bxb3 24. Kxb3 Rfe8 25. Qd3 Qd5+ 26. Kb2 h5 27. Ne3 Qe6 28.
d5 cxd5 29. Nxd5 Qe5+ 30. Kb1 Nxf2 31. Qe3 Nxh1 32. Qxe5 Rxe5 33. Rxh1 Rxd5 34.
Kc1 a5 35. g4 hxg4 36. hxg4 a4 0-1

[Event "AUTO-INT-3716"]
[Site "http://www.queenalice.com/game.php?id=1775067"]
[Date "2021.11.17"]
[Round "1"]
[White "TIKAR"]
[Black "gutopa"]
[Result "0-1"]
[WhiteElo "1421"]
[BlackElo "1487"]

1. d4 d5 2. e3 Nf6 3. c4 e6 4. a3 b6 5. Nc3 Bd7 6. Bd3 c5 7. dxc5 bxc5 8. cxd5
exd5 9. Bxh7 Rxh7 10. Nxd5 Nxd5 11. Qxd5 Nc6 12. Qe4+ Qe7 13. Qxh7 g6 14. Qh6
Bxh6 15. h3 Nd4 0-1

[Event "AUTO-INT-3716"]
[Site "http://www.queenalice.com/game.php?id=1775068"]
[Date "2021.11.17"]
[Round "1"]
[White "gutopa"]
[Black "TIKAR"]
[Result "1-0"]
[WhiteElo "1472"]
[BlackElo "1408"]

1. e4 e5 2. Bc4 Nf6 3. d3 h6 4. Nf3 d5 5. exd5 Nxd5 6. Bxd5 Qxd5 7. O-O Bg4 8.
Nc3 Qe6 9. h3 Bh5 10. d4 Nc6 11. d5 Qg6 12. dxc6 e4 13. cxb7 Rb8 14. Re1 f5 15.
Qd5 Bxf3 16. g3 Bd6 17. Qb5+ Kd8 18. Qd5 Re8 19. Bf4 Ke7 20. Bxd6+ cxd6 21. Nb5
Kd7 22. Nxa7 Re5 23. Qc6+ Ke7 24. Qc7+ 1-0

[Event "AUTO-INT-3721"]
[Site "http://www.queenalice.com/game.php?id=1776290"]
[Date "2021.12.5"]
[Round "1"]
[White "Carlos19"]
[Black "TIKAR"]
[Result "1-0"]
[WhiteElo "1624"]
[BlackElo "1466"]

1. e4 e5 2. Nf3 d6 3. d4 exd4 4. Nxd4 a6 5. Bc4 h6 6. Bf4 Nf6 7. Nc3 Bd7 8. Qe2
Be7 9. e5 dxe5 10. Bxe5 O-O 11. O-O Nc6 12. Bxf6 Bxf6 13. Nxc6 Bxc6 14. Rad1 Qc8
15. Bd5 Re8 16. Qh5 Bxd5 17. Nxd5 Bxb2 18. Rde1 Qd7 19. Rxe8+ Rxe8 20. Nb4 Qd2
21. Qd1 Qxb4 22. Qb1 Qc3 23. h4 b5 24. Qd1 Qc4 25. Qd7 Re5 26. Qd8+ Kh7 27. Qd3+
g6 28. f4 Rf5 29. Qxc4 1-0

[Event "AUTO-INT-3721"]
[Site "http://www.queenalice.com/game.php?id=1776291"]
[Date "2021.12.5"]
[Round "1"]
[White "TIKAR"]
[Black "Carlos19"]
[Result "1-0"]
[WhiteElo "1422"]
[BlackElo "1541"]

1. d4 d5 2. e3 Nf6 3. c4 dxc4 4. Bxc4 e6 5. a3 c5 6. Nf3 Nc6 7. Nc3 cxd4 8. exd4
h6 9. h3 a6 10. d5 exd5 11. Nxd5 Nxd5 12. Bxd5 Qe7+ 13. Be3 Qe4 14. Bxe4 Bd6 15.
Qxd6 Be6 16. Bxc6+ bxc6 17. Qxc6+ Ke7 18. Bc5+ Kf6 19. Qe4 g5 20. O-O Rab8 21.
Rac1 Bf5 22. Be7+ Kg7 23. Qxf5 Rxb2 24. Qe5+ Kg8 25. Rc8+ Kh7 26. Qxh8+ Kg6 27.
g4 Re2 28. Rg8# 1-0

[Event "AUTO-INT-3721"]
[Site "http://www.queenalice.com/game.php?id=1776308"]
[Date "2021.12.5"]
[Round "1"]
[White "TIKAR"]
[Black "altair"]
[Result "0-1"]
[WhiteElo "1386"]
[BlackElo "1595"]

1. d4 d5 2. h3 Nc6 3. Nf3 h6 4. e3 a6 5. c4 Nf6 6. Nc3 e6 7. a3 Bd6 8. c5 Be7 9.
Bd3 O-O 10. e4 dxe4 11. Nxe4 Nxd4 0-1

[Event "AUTO-INT-3721"]
[Site "http://www.queenalice.com/game.php?id=1776309"]
[Date "2021.12.5"]
[Round "1"]
[White "altair"]
[Black "TIKAR"]
[Result "1-0"]
[WhiteElo "1562"]
[BlackElo "1374"]

1. e4 e5 2. Nf3 d6 3. h3 Nf6 4. d3 h6 5. Be2 a6 6. b3 Nc6 7. O-O Be7 8. Bb2 O-O
9. c4 b5 10. cxb5 axb5 11. Nc3 1-0

[Event "AUTO-INT-3721"]
[Site "http://www.queenalice.com/game.php?id=1776310"]
[Date "2021.12.5"]
[Round "1"]
[White "TIKAR"]
[Black "NickThorp"]
[Result "0-1"]
[WhiteElo "1431"]
[BlackElo "1682"]

1. d4 d5 2. e3 a6 3. c4 dxc4 4. Bxc4 e6 5. a3 Nc6 6. b4 b5 7. Bd3 Nf6 8. h3 Qd5
9. Nf3 a5 10. bxa5 Rxa5 11. Bd2 Ra6 12. O-O Bd6 13. Nc3 Qh5 14. e4 e5 15. Nxb5
Rb6 16. dxe5 Nxe5 17. Ba5 Rb7 18. Qa4 Bd7 19. Rab1 Nxd3 0-1

[Event "AUTO-INT-3721"]
[Site "http://www.queenalice.com/game.php?id=1776311"]
[Date "2021.12.5"]
[Round "1"]
[White "NickThorp"]
[Black "TIKAR"]
[Result "1-0"]
[WhiteElo "1676"]
[BlackElo "1437"]

1. e4 e5 2. Nf3 d6 3. Bb5+ Bd7 4. Bxd7+ Nxd7 5. d3 h6 6. Nc3 Ngf6 7. Nd5 c6 8.
Nxf6+ Nxf6 9. Be3 Be7 10. O-O O-O 11. h3 a5 12. a3 d5 13. Nxe5 dxe4 14. Nc4 exd3
15. cxd3 Nd5 16. Bd2 Bf6 17. Qf3 b5 18. Nxa5 Rxa5 19. Bxa5 Qxa5 20. b4 1-0

[Event " Константин Ковал"]
[Site "http://www.queenalice.com/game.php?id=1776718"]
[Date "2021.12.10"]
[Round "-"]
[White "zubarev"]
[Black "TIKAR"]
[Result "1-0"]
[WhiteElo "2009"]
[BlackElo "1390"]

1. d4 d5 2. Nc3 e6 3. Nf3 h6 4. e3 c5 5. Be2 Nf6 6. Ne5 c4 7. O-O Bd6 8. f4 O-O
9. Bf3 Nc6 10. Bd2 a6 11. Qe1 Nb4 12. a3 Nxc2 13. Qg3 Nxa1 14. Rxa1 b5 15. Ne2
Ne4 16. Bxe4 dxe4 17. Ng4 Kh7 18. Bc3 f6 19. Qf2 1-0

[Event " ianmi 4i"]
[Site "http://www.queenalice.com/game.php?id=1776719"]
[Date "2021.12.10"]
[Round "-"]
[White "TIKAR"]
[Black "zubarev"]
[Result "0-1"]
[WhiteElo "1388"]
[BlackElo "2011"]

1. d4 d5 2. h3 Nf6 3. Nf3 e6 4. e3 Nc6 5. a3 Bd6 6. Nc3 O-O 7. Nb5 a6 8. Nxd6
Qxd6 9. Bd3 Re8 10. O-O e5 11. dxe5 Nxe5 12. b4 b6 13. Bb2 Ng6 14. c4 Bb7 15.
Rc1 Ne4 16. c5 Qe6 17. cxb6 c6 18. Re1 Ne7 0-1

[Event "AUTO-INT-3729"]
[Site "http://www.queenalice.com/game.php?id=1778530"]
[Date "2021.12.29"]
[Round "1"]
[White "dimitridruloza2012"]
[Black "TIKAR"]
[Result "1-0"]
[WhiteElo "1822"]
[BlackElo "1378"]

1. d4 d5 2. e3 c5 3. Nf3 a6 4. Nc3 e6 5. Ne5 Nf6 6. Be2 Qc7 7. Bg4 Bd6 8. Nf3
cxd4 9. Qxd4 Nc6 10. Qa4 O-O 11. Nh4 b5 12. Nxb5 axb5 13. Qxb5 Nxg4 14. h3 Ba6
15. Qb3 Bg3 16. hxg4 1-0

[Event "AUTO-INT-3729"]
[Site "http://www.queenalice.com/game.php?id=1778531"]
[Date "2021.12.29"]
[Round "1"]
[White "TIKAR"]
[Black "dimitridruloza2012"]
[Result "0-1"]
[WhiteElo "1376"]
[BlackElo "1824"]

1. d4 d6 2. h3 Nf6 3. Nf3 Nc6 4. b3 Bf5 5. Nc3 e5 6. dxe5 dxe5 7. a3 Bd6 8. Bb2
Qd7 9. Nb5 a6 10. Nxd6+ cxd6 11. e3 O-O 12. c4 Ne4 13. Be2 a5 14. Bd3 Nc5 0-1

[Event "AUTO-INT-3729"]
[Site "http://www.queenalice.com/game.php?id=1778546"]
[Date "2021.12.29"]
[Round "1"]
[White "SGF"]
[Black "TIKAR"]
[Result "1-0"]
[WhiteElo "1842"]
[BlackElo "1456"]

1. e4 e5 2. Qf3 a6 3. d3 h6 4. Be2 Nf6 5. h4 Nc6 6. c3 Bc5 7. b4 Bb6 8. a4 a5 9.
b5 Ne7 10. g4 d5 11. g5 dxe4 12. dxe4 Nd7 13. gxh6 gxh6 14. h5 Nc5 15. Qf6 Rg8
16. Bxh6 Nxe4 17. Qxe5 1-0

[Event "AUTO-INT-3729"]
[Site "http://www.queenalice.com/game.php?id=1778547"]
[Date "2021.12.29"]
[Round "1"]
[White "TIKAR"]
[Black "SGF"]
[Result "0-1"]
[WhiteElo "1454"]
[BlackElo "1844"]

1. d4 e6 2. c4 d5 3. e3 Bb4+ 4. Bd2 a5 5. a3 Bxd2+ 6. Qxd2 c6 7. c5 Nf6 8. Nf3
Ne4 9. Qc2 f6 10. Bd3 g5 11. Nc3 Nxc3 12. bxc3 h5 13. e4 g4 14. Nh4 Rg8 15. exd5
Qxd5 16. O-O f5 17. Rab1 f4 0-1